|
|
|
|
| LEADER |
00000cam a2200000 i 4500 |
| 001 |
1/100848 |
| 008 |
090206s1993 gr | ||| |||| ||gre|| |
| 020 |
|
|
|a 9600407908
|
| 035 |
|
|
|l 10103022
|
| 040 |
|
|
|a GR-MyUa
|b gre
|e AACR2
|
| 041 |
0 |
|
|a gre
|
| 082 |
7 |
|
|a 889.3
|2 (22)
|
| 100 |
1 |
|
|a Δημητρίου, Σωτήρης Φ.,
|d 1955-
|
| 245 |
1 |
0 |
|a Ν'ακούω καλά τ'όνομά σου :
|b μυθιστόρημα /
|c Σωτήρης Δημητρίου.
|
| 250 |
|
|
|a 11η έκδ.
|
| 260 |
|
|
|a Αθήνα :
|b Κέδρος,
|c 1993.
|
| 300 |
|
|
|a 117 σ. ;
|c 21 εκ.
|
| 650 |
0 |
0 |
|a Greek fiction, Modern
|y 20th century.
|
| 852 |
|
|
|a INST
|b SYROS
|e 20090206
|h 889.3 ΔΗΜ
|p 005500008681
|q 005500008681
|t BK
|y 0
|
| 901 |
|
|
|a BIBL5-2009-1
|
| 970 |
|
|
|a Κοντού
|b Παρασκευή
|z 06/02/2009
|